University Home | Library Home | Institutional Repository

Pan-African issues in drugs and drug control : (Record no. 216401)

MARC details
000 -LEADER
fixed length control field 00785 a2200229 4500
005 - DATE AND TIME OF LATEST TRANSACTION
control field 20260330112514.0
008 - FIXED-LENGTH DATA ELEMENTS--GENERAL INFORMATION
fixed length control field 260327b ||||| |||| 00| 0 eng d
020 ## - INTERNATIONAL STANDARD BOOK NUMBER
International Standard Book Number 9781472422149
040 ## - CATALOGING SOURCE
Original cataloging agency LC
Transcribing agency UNZA
Description conventions RDA
050 ## - LIBRARY OF CONGRESS CALL NUMBER
Classification number HV 5840
Item number PAN 2015
245 ## - TITLE STATEMENT
Title Pan-African issues in drugs and drug control :
Remainder of title an international perspective /
Statement of responsibility, etc. edited by Anita Kalunta-Crumpton, Texas Southern University, USA.
260 ## - PUBLICATION, DISTRIBUTION, ETC.
Place of publication, distribution, etc. Farnham :
Name of publisher, distributor, etc. Ashgate Publishing Limited,
Date of publication, distribution, etc. 2o15.
300 ## - PHYSICAL DESCRIPTION
Extent xxiii, 391 pages :
Other physical details illustrations.
336 ## - CONTENT TYPE
CONTENT TYPE Text
337 ## - MEDIA TYPE
MEDIA TYPE Unmediated
338 ## - CARRIER TYPE
CARRIER TYPE Volume
504 ## - BIBLIOGRAPHY, ETC. NOTE
Bibliography, etc. note Includes bibliographical references and index.
650 ## - SUBJECT ADDED ENTRY--TOPICAL TERM
Topical term or geographic name entry element Drug traffic
Geographic subdivision Africa
650 ## - SUBJECT ADDED ENTRY--TOPICAL TERM
Topical term or geographic name entry element Drug control
Geographic subdivision Africa
700 ## - ADDED ENTRY--PERSONAL NAME
Personal name Crumpton-Kalunta, Anita
Relator term editor
999 ## -
-- 216401
-- 216401
942 ## - ADDED ENTRY ELEMENTS (KOHA)
Koha item type Book
Holdings
Withdrawn status Lost status Source of classification or shelving scheme Damaged status Not for loan Collection code Home library Current library Shelving location Date acquired Source of acquisition Cost, normal purchase price Total Checkouts Full call number Barcode Date last seen Copy number Cost, replacement price Price effective from Koha item type
    Library of Congress Classification     Non-fiction Main Library Main Library On Shelf 03/05/2026 Donation 300.00   HV 5840 PAN 2015 33729006810373 03/05/2026 1 300.00 03/05/2026 Book
    Library of Congress Classification     Non-fiction Main Library Main Library On Shelf 03/05/2026 Donation 300.00   HV 5840 PAN 2015 33729006810431 03/05/2026 2 300.00 03/05/2026 Book
© 2026 - The University of Zambia Library - Koha v25.11